[Event "Morbihan Ch "]
[Site "France"]
[Date "2012.11.10"]
[Round "2.19"]
[White "Audren, Jean"]
[Black "Le Pointer, Guilhem"]
[Result "1/2-1/2"]
[WhiteElo "1520"]
[BlackElo "1410"]
[PlyCount "54"]
[EventDate "2012.10.??"]
[EventType "swiss"]
[EventRounds "7"]
[EventCountry "FRA"]
[SourceDate "2005.09.12"]

1. d4 d5 2. c4 e6 3. Nc3 Bb4 4. Bd2 a6 5. Nf3 Nf6 6. e3 Bd7 7. Ne5 Nc6 8. Nxd7
Qxd7 9. c5 Bxc3 10. Bxc3 Ne4 11. Qb3 Rb8 12. Be2 Nxc3 13. Qxc3 O-O 14. O-O Rfe8
15. f4 Ne7 16. b3 Ra8 17. a4 b5 18. cxb6 cxb6 19. Rac1 Rac8 20. Qb4 Rxc1 21.
Rxc1 Rc8 22. Rxc8+ Nxc8 23. Bxa6 Qc7 24. Bxc8 Qxc8 25. Qxb6 Qc1+ 26. Kf2 Qc2+
27. Kg3 Qg6+ 1/2-1/2

[Event "Morbihan Ch "]
[Site "France"]
[Date "2012.11.10"]
[Round "2.20"]
[White "Anciant, Yoran"]
[Black "Audrain, Emmanuelle"]
[Result "1-0"]
[WhiteElo "1199"]
[BlackElo "1499"]
[PlyCount "101"]
[EventDate "2012.10.??"]
[EventType "swiss"]
[EventRounds "7"]
[EventCountry "FRA"]
[SourceDate "2005.09.12"]

1. e4 e5 2. Bc4 Nc6 3. Nf3 Bc5 4. O-O d6 5. h3 b6 6. d3 Bb7 7. Bd2 Qd7 8. b4
Bxb4 9. Bxb4 Nxb4 10. a3 Nc6 11. Bb5 Nf6 12. Nc3 O-O 13. Nd5 Qd8 14. d4 Nxe4
15. Qd3 f5 16. Bc4 Kh8 17. Nc3 Na5 18. Rfe1 d5 19. Bb3 Nxb3 20. cxb3 Nxc3 21.
Qxc3 e4 22. Ne5 Qg5 23. Qxc7 Ba6 24. Nf7+ Rxf7 25. Qxf7 f4 26. h4 Qg4 27. Qxd5
f3 28. g3 Qh3 29. Qxa8+ Bc8 30. Qxc8+ Qxc8 31. Kh2 Qc2 32. Kg1 h5 33. b4 b5 34.
d5 Qd3 35. Rad1 Qc2 36. Rc1 Qa2 37. d6 Qd2 38. Rcd1 Qc2 39. d7 Kh7 40. d8=Q e3
41. Qd3+ Qxd3 42. Rxd3 exf2+ 43. Kxf2 Kh6 44. Rxf3 g5 45. Re6+ Kg7 46. Rd3 Kf7
47. Ra6 gxh4 48. Rd7+ Ke8 49. Rdxa7 h3 50. Rb6 h2 51. Rb8# 1-0

[Event "Morbihan Ch "]
[Site "France"]
[Date "2012.11.10"]
[Round "2.21"]
[White "Barton, June"]
[Black "Biderbost, Marc"]
[Result "0-1"]
[WhiteElo "1499"]
[BlackElo "1390"]
[PlyCount "72"]
[EventDate "2012.10.??"]
[EventType "swiss"]
[EventRounds "7"]
[EventCountry "FRA"]
[SourceDate "2005.09.12"]

1. e4 b6 2. d4 g6 3. Nf3 Bb7 4. Be3 Bg7 5. Nc3 e6 6. Qd2 Ne7 7. e5 d6 8. O-O-O
O-O 9. Bh6 Nf5 10. a4 Bxh6 11. Kb1 Bxd2 12. Rxd2 Bxf3 13. gxf3 dxe5 14. Re2
exd4 15. Ne4 Nd6 16. Rg1 Nc6 17. h4 Nxe4 18. fxe4 d3 19. Rd2 dxc2+ 20. Kc1 Qxh4
21. Bd3 Nb4 22. Bxc2 Nxc2 23. Rxc2 Qf4+ 24. Kb1 Qxe4 25. b3 Rfd8 26. Kb2 c5 27.
Rc4 Rd4 28. Rgc1 Rad8 29. Ka3 Rxc4 30. Rxc4 Rd4 31. a5 Qf3 32. Ra4 Rxa4+ 33.
Kxa4 Qxf2 34. Kb5 Qd4 35. Ka6 Qb4 36. axb6 Qxb6# 0-1

[Event "Morbihan Ch "]
[Site "France"]
[Date "2012.11.10"]
[Round "2.22"]
[White "Lucas Challier, Dylan"]
[Black "Guetta, Claude"]
[Result "1/2-1/2"]
[WhiteElo "1199"]
[BlackElo "1499"]
[PlyCount "127"]
[EventDate "2012.10.??"]
[EventType "swiss"]
[EventRounds "7"]
[EventCountry "FRA"]
[SourceDate "2005.09.12"]

1. e4 Nf6 2. Nc3 g6 3. Bc4 Bg7 4. Nf3 O-O 5. O-O e6 6. d3 Nc6 7. Bg5 a6 8. e5
b5 9. Bb3 d6 10. exf6 Bxf6 11. Ne4 Bxg5 12. Nfxg5 h6 13. Qf3 hxg5 14. Nf6+ Kg7
15. Qxc6 Bb7 16. Qxb7 Qxf6 17. Qxc7 Qe5 18. Rae1 Qf4 19. Re4 Qf5 20. Bxe6 Qf6
21. Qxd6 Rad8 22. Qxa6 Kh6 23. c3 Rxd3 24. Qxb5 Rfd8 25. Bc4 Rd1 26. Qb3 R8d2
27. Be2 Rxf1+ 28. Kxf1 Qd6 29. g3 Qc6 30. Bf3 f5 31. Re3 Qd6 32. a4 Qa6+ 33. c4
g4 34. Be2 Qa8 35. f3 gxf3 36. Bxf3 Qd8 37. h4 Rh2 38. Re2 Rh3 39. Qe3+ Kg7 40.
Qe7+ Qxe7 41. Rxe7+ Kf6 42. Rc7 Rxg3 43. Bd1 Rh3 44. a5 Rh1+ 45. Ke2 Rxh4 46.
a6 Rh2+ 47. Ke1 Rxb2 48. a7 Ra2 49. Bf3 Ra1+ 50. Kf2 Ra2+ 51. Kg3 Kg5 52. a8=Q
Rxa8 53. Bxa8 f4+ 54. Kf3 Kf5 55. Rf7+ Kg5 56. Rxf4 Kh6 57. Be4 g5 58. Rf6+ Kh5
59. Bg6+ Kh4 60. Rf5 g4+ 61. Kg2 g3 62. Be8 Kg4 63. Rf8 Kh4 64. Rg8 1/2-1/2

[Event "Morbihan Ch "]
[Site "France"]
[Date "2012.11.10"]
[Round "2.23"]
[White "Kerriou, Jean Rene"]
[Black "Le Pointer, Mélodine"]
[Result "1-0"]
[WhiteElo "1499"]
[BlackElo "1199"]
[PlyCount "75"]
[EventDate "2012.10.??"]
[EventType "swiss"]
[EventRounds "7"]
[EventCountry "FRA"]
[SourceDate "2005.09.12"]

1. d4 d5 2. Nf3 Nc6 3. e3 Nf6 4. Bd3 Bg4 5. Nbd2 e6 6. c3 e5 7. dxe5 Nxe5 8.
Bb1 Bc5 9. Qa4+ c6 10. Nxe5 Bh5 11. O-O Be2 12. Re1 Bb5 13. Qc2 Bd6 14. Ndf3
Qe7 15. Nd3 Ng4 16. h3 Ne5 17. Nfxe5 Bxe5 18. Nxe5 Qxe5 19. a4 Bc4 20. b3 Ba6
21. Bb2 h6 22. c4 Qd6 23. cxd5 Qxd5 24. e4 Qa5 25. Qc3 Qxc3 26. Bxc3 O-O 27. e5
b5 28. Be4 Rac8 29. axb5 cxb5 30. Bb2 g6 31. Rxa6 Rc7 32. Bd4 f5 33. exf6 g5
34. Rxa7 Rfc8 35. Rxc7 Rxc7 36. Bd5+ Kf8 37. f7 h5 38. Re8# 1-0

[Event "Morbihan Ch "]
[Site "France"]
[Date "2012.11.10"]
[Round "2.25"]
[White "Cheneau, Alain"]
[Black "Orgel, Jean Marc"]
[Result "0-1"]
[WhiteElo "1040"]
[BlackElo "1260"]
[PlyCount "124"]
[EventDate "2012.10.??"]
[EventType "swiss"]
[EventRounds "7"]
[EventCountry "FRA"]
[SourceDate "2005.09.12"]

1. d4 d5 2. e3 e6 3. Nf3 Nf6 4. Bb5+ Bd7 5. Qd3 h6 6. Ne5 Qe7 7. Qb3 c6 8. Bd3
Qb4+ 9. Bd2 Qxb3 10. cxb3 Bd6 11. a3 Bxe5 12. dxe5 Ne4 13. O-O Nxd2 14. Nxd2 c5
15. Rac1 b6 16. a4 Nc6 17. e4 Nxe5 18. Rc3 d4 19. Rcc1 Nxd3 20. Rb1 O-O 21. Nc4
e5 22. Rfd1 Nb4 23. Nxe5 Be6 24. h3 Bxb3 25. Rd2 Bxa4 26. b3 Bc6 27. f3 Rad8
28. Ra1 Rfe8 29. Nxc6 Nxc6 30. Raa2 d3 31. Ra1 a5 32. Rb1 Ne5 33. Kh2 g5 34.
Kg3 Rd4 35. Re1 c4 36. Rb1 c3 37. Rdd1 c2 38. f4 gxf4+ 39. Kxf4 cxb1=Q 40. Rxb1
d2 41. Rd1 Ng6+ 42. Ke3 Rexe4+ 43. Kf3 Re1 44. Rxe1 d1=Q+ 45. Rxd1 Rxd1 46. Ke2
Rb1 47. Kd2 Rxb3 48. Kc2 Rg3 49. Kb2 Rxg2+ 50. Kc3 Rg3+ 51. Kc4 Rxh3 52. Kb5
Rh5+ 53. Kxb6 a4 54. Kc6 a3 55. Kd6 Kg7 56. Kc6 a2 57. Kd7 a1=Q 58. Ke8 Qe1+
59. Kd7 Qe6+ 60. Kc7 Rd5 61. Kb7 Rd7+ 62. Kc8 Qe8# 0-1

[Event "Morbihan Ch "]
[Site "France"]
[Date "2012.12.15"]
[Round "3.1"]
[White "Duplessy, Franck"]
[Black "Annetti, Laurent"]
[Result "0-1"]
[WhiteElo "2086"]
[BlackElo "1875"]
[PlyCount "66"]
[EventDate "2012.10.??"]
[EventType "swiss"]
[EventRounds "7"]
[EventCountry "FRA"]
[SourceDate "2005.09.12"]

1. e4 e5 2. Nf3 Nc6 3. Bb5 f5 4. Nc3 fxe4 5. Nxe4 d5 6. Nxe5 dxe4 7. Nxc6 Qg5
8. Nd4+ c6 9. Bf1 Qe5 10. Nb3 Nf6 11. h3 Bd6 12. Qe2 O-O 13. d4 Qf5 14. Be3 a5
15. g4 Qe6 16. Nc5 Qe7 17. Bg2 b6 18. g5 bxc5 19. dxc5 Ba6 20. cxd6 Qe6 21. Qd2
Nd5 22. b3 Nxe3 23. fxe3 Qe5 24. c3 Qg3+ 25. Kd1 Rf2 26. Qd4 Qxg2 27. Re1 Qf3+
28. Kc1 Bd3 29. d7 Rc2+ 30. Kb1 Re2+ 31. Kc1 Rxe1+ 32. Kb2 Qf2+ 33. Ka3 Qf8+
0-1

[Event "Morbihan Ch "]
[Site "France"]
[Date "2012.12.15"]
[Round "3.2"]
[White "Salaün, Michel"]
[Black "Hocher, Eugène"]
[Result "1-0"]
[WhiteElo "2005"]
[BlackElo "1754"]
[PlyCount "73"]
[EventDate "2012.10.??"]
[EventType "swiss"]
[EventRounds "7"]
[EventCountry "FRA"]
[SourceDate "2005.09.12"]

1. Nf3 Nf6 2. d4 d6 3. c4 g6 4. Nc3 Bg7 5. g3 O-O 6. Bg2 c6 7. O-O Nbd7 8. Qc2
Re8 9. Rd1 Qa5 10. e4 Ng4 11. Bd2 Qb6 12. h3 Nh6 13. b4 e5 14. c5 dxc5 15. bxc5
Qc7 16. d5 cxd5 17. Nxd5 Qc6 18. Rac1 Kh8 19. Nb4 Qc7 20. c6 Nf8 21. Qb3 f6 22.
Bf1 b6 23. Nd5 Qf7 24. Bc4 Be6 25. Ba6 Bc8 26. Bb5 Ne6 27. c7 Nc5 28. Rxc5 bxc5
29. Bxh6 Bxh6 30. Bxe8 Qe6 31. Qb5 Bf8 32. Qc6 Qxh3 33. Nxf6 Be7 34. Nxe5 Be6
35. Qxa8 Kg7 36. Bd7 Bxf6 37. c8=Q 1-0

[Event "Morbihan Ch "]
[Site "France"]
[Date "2012.12.15"]
[Round "3.3"]
[White "Pascot, Jean"]
[Black "Le Corre, Yves"]
[Result "1-0"]
[WhiteElo "1862"]
[BlackElo "1920"]
[PlyCount "83"]
[EventDate "2012.10.??"]
[EventType "swiss"]
[EventRounds "7"]
[EventCountry "FRA"]
[SourceDate "2005.09.12"]

1. e4 e5 2. Nf3 Nc6 3. Bb5 a6 4. Ba4 Nf6 5. O-O Be7 6. Re1 b5 7. Bb3 d6 8. c3
O-O 9. h3 Nb8 10. a4 Bb7 11. Bc2 Nbd7 12. d4 Re8 13. Nbd2 Bf8 14. b4 Nb6 15. a5
Nbd7 16. dxe5 dxe5 17. Nf1 g6 18. Bb3 Bg7 19. Ng5 Re7 20. Ng3 Qe8 21. Qe2 Rd8
22. c4 c6 23. Be3 h6 24. Nf3 Nh7 25. Red1 Nhf8 26. Rd6 Re6 27. Rad1 Rxd6 28.
Rxd6 Bf6 29. Bxh6 Be7 30. Ng5 Bxd6 31. c5 Ne6 32. Nxe6 fxe6 33. cxd6 Nf8 34.
Qg4 Rxd6 35. Nh5 Nd7 36. Ng7 Qe7 37. Nxe6 Kh7 38. Ng5+ Kxh6 39. Qh4+ Kg7 40.
Qh7+ Kf6 41. Qh8+ Kxg5 42. g3 1-0

[Event "Morbihan Ch "]
[Site "France"]
[Date "2012.12.15"]
[Round "3.4"]
[White "Rivalin, Patrick"]
[Black "Jolivel, Dominique"]
[Result "1-0"]
[WhiteElo "1623"]
[BlackElo "1896"]
[PlyCount "115"]
[EventDate "2012.10.??"]
[EventType "swiss"]
[EventRounds "7"]
[EventCountry "FRA"]
[SourceDate "2005.09.12"]

1. c4 Nf6 2. Nc3 d6 3. g3 c5 4. Bg2 Nc6 5. e3 g6 6. Nge2 Bg7 7. O-O O-O 8. d4
cxd4 9. exd4 Bf5 10. b3 Qc8 11. Re1 Nb4 12. Nf4 Re8 13. Ncd5 Nfxd5 14. Nxd5 Nc6
15. Bb2 e5 16. dxe5 dxe5 17. Qd2 Rb8 18. Rad1 Bg4 19. f3 Bf5 20. Qg5 Kh8 21.
Qe3 Nd4 22. Qd2 Qc5 23. Kh1 b5 24. Qb4 Qxb4 25. Nxb4 bxc4 26. bxc4 a5 27. Bxd4
axb4 28. Bc5 b3 29. axb3 Rxb3 30. f4 e4 31. Bxe4 Bg4 32. Bc6 Rxe1+ 33. Rxe1 h5
34. Bd5 Rb2 35. Kg1 Bc3 36. Bxf7 Bxe1 37. Bd4+ Kh7 38. Bxb2 Ba5 39. Bd4 Bc7 40.
Kg2 Bd1 41. c5 h4 42. c6 Ba4 43. Bd5 g5 44. Be5 Bxc6 45. Bxc6 Bd8 46. Kf3 hxg3
47. hxg3 gxf4 48. Kxf4 Kh6 49. Kf5 Bb6 50. g4 Bc5 51. g5+ Kh5 52. Be8+ Kh4 53.
g6 Bf8 54. Bf6+ Kg3 55. Ke6 Bh6 56. Kf7 Kf4 57. Bg7 Bg5 58. Bf8 1-0

[Event "Morbihan Ch "]
[Site "France"]
[Date "2012.12.15"]
[Round "3.5"]
[White "Landais, Romain"]
[Black "Barton, Robin"]
[Result "1-0"]
[WhiteElo "1896"]
[BlackElo "1522"]
[PlyCount "135"]
[EventDate "2012.10.??"]
[EventType "swiss"]
[EventRounds "7"]
[EventCountry "FRA"]
[SourceDate "2005.09.12"]

1. d4 d5 2. Nf3 c6 3. Bf4 e6 4. e3 f5 5. Ne5 Nf6 6. Be2 Be7 7. Nd2 Nbd7 8. Ndf3
O-O 9. Qd3 Ne4 10. Nxd7 Bxd7 11. Ne5 c5 12. c3 a6 13. Nxd7 Qxd7 14. f3 Nf6 15.
O-O-O Rac8 16. g4 fxg4 17. fxg4 Ne4 18. Rdf1 c4 19. Qc2 b5 20. Bf3 Qb7 21. Bxe4
dxe4 22. h4 b4 23. g5 bxc3 24. bxc3 Ba3+ 25. Kd2 Rf5 26. Rb1 Qd5 27. Ke2 Qc6
28. Kf2 Bd6 29. Kg3 Rcf8 30. Rhf1 e5 31. dxe5 Bxe5 32. Rf2 Bd6 33. Rd1 Bc5 34.
Qe2 Bb6 35. Rd6 Qc5 36. Rd4 Qc6 37. Qxc4+ Qxc4 38. Rxc4 Bxe3 39. Bxe3 Rf3+ 40.
Rxf3 Rxf3+ 41. Kg4 Rxe3 42. Rc8+ Kf7 43. Rc7+ Kf8 44. h5 Re2 45. a4 Rh2 46. Rc4
e3 47. Rf4+ Kg8 48. Re4 e2 49. c4 e1=Q 50. Rxe1 Ra2 51. g6 hxg6 52. hxg6 Kf8
53. Rc1 Rxa4 54. Kf5 Ke7 55. Ke5 Ra5+ 56. c5 Kd7 57. Kd5 Rb5 58. Rf1 Rb2 59.
Rf7+ Ke8 60. Rxg7 Kf8 61. Ra7 Rd2+ 62. Kc6 Rg2 63. g7+ Kg8 64. Rxa6 Rxg7 65.
Ra8+ Kh7 66. Kb6 Rg6+ 67. c6 Kg7 68. Kb7 1-0

[Event "Morbihan Ch "]
[Site "France"]
[Date "2012.12.15"]
[Round "3.6"]
[White "Lagès, Michel"]
[Black "Caderon, Michel"]
[Result "0-1"]
[WhiteElo "1917"]
[BlackElo "2017"]
[PlyCount "98"]
[EventDate "2012.10.??"]
[EventType "swiss"]
[EventRounds "7"]
[EventCountry "FRA"]
[SourceDate "2005.09.12"]

1. c4 Nf6 2. Nc3 g6 3. e4 d6 4. d4 Bg7 5. Nf3 O-O 6. Be2 e5 7. dxe5 dxe5 8. O-O
Nbd7 9. Qc2 c6 10. h3 Qe7 11. Be3 Ne8 12. Rad1 Nc7 13. Rd2 Ne6 14. Rfd1 Re8 15.
a3 a5 16. Na4 Nec5 17. Bxc5 Nxc5 18. Nb6 Rb8 19. Nxc8 Rexc8 20. Rb1 a4 21. Rdd1
h5 22. Nd2 Ra8 23. Qc3 Bh6 24. f3 Rd8 25. Nf1 Re8 26. Qe1 Nb3 27. Rd3 Qc5+ 28.
Qf2 Nd4 29. Ne3 Qe7 30. Bd1 Red8 31. Kh1 Re8 32. Nc2 Ne6 33. b4 axb3 34. Rdxb3
Nc5 35. Rb6 Red8 36. Ne3 Rxa3 37. Nf1 Rda8 38. Qb2 Qd6 39. Qe2 Qd4 40. R6b2 Nd3
41. Rxb7 Ra2 42. Rb8+ Kh7 43. Rxa8 Rxe2 44. Bxe2 Nf2+ 45. Kh2 Bf4+ 46. g3 Nxe4
47. fxe4 Qf2+ 48. Kh1 Qxe2 49. gxf4 Qxe4+ 0-1

[Event "Morbihan Ch "]
[Site "France"]
[Date "2012.12.15"]
[Round "3.7"]
[White "Loizil, Joel"]
[Black "Guegan, Michel"]
[Result "0-1"]
[WhiteElo "1709"]
[BlackElo "1855"]
[PlyCount "140"]
[EventDate "2012.10.??"]
[EventType "swiss"]
[EventRounds "7"]
[EventCountry "FRA"]
[SourceDate "2005.09.12"]

1. d4 Nf6 2. c4 g6 3. Nf3 Bg7 4. e3 d5 5. Nc3 O-O 6. Be2 c6 7. O-O dxc4 8. Bxc4
b5 9. Bd3 b4 10. Ne4 Nbd7 11. Bd2 a5 12. Qa4 c5 13. Nxc5 Nxc5 14. dxc5 Qxd3 15.
Bxb4 Bd7 16. Qa3 Qb5 17. Bc3 Ne4 18. Bd4 Rfc8 19. Rac1 f6 20. c6 Rxc6 21. Qxe7
Rxc1 22. Rxc1 Re8 23. Qa3 Bf8 24. Qb3+ Qxb3 25. axb3 Rc8 26. Rxc8 Bxc8 27. Bb6
Bb4 28. Nd4 Bd7 29. Nc2 Bd2 30. Na3 Nd6 31. Nc4 Nxc4 32. bxc4 a4 33. Bd4 f5 34.
Kf1 Bc1 35. Ke2 a3 36. bxa3 Bxa3 37. Kd3 Bd6 38. h3 Bc6 39. f3 Kf7 40. e4 fxe4+
41. fxe4 Ke6 42. Bf2 Be5 43. g4 Kd6 44. Ba7 Bd7 45. Bf2 h5 46. gxh5 gxh5 47. h4
Bf6 48. Be1 Bc6 49. Bf2 Be7 50. Kd4 Bf6+ 51. Kd3 Bd7 52. Be1 Bh3 53. Bg3+ Be5
54. Bf2 Bf1+ 55. Ke3 Bxc4 56. Kf3 Ke6 57. Ba7 Bb3 58. Bf2 Bd6 59. Bd4 Bd1+ 60.
Kg2 Be7 61. Kg3 Bf6 62. Bf2 Ke5 63. Be1 Kxe4 64. Bf2 Be5+ 65. Kg2 Bg4 66. Be1
Bf6 67. Bf2 Be5 68. Be1 Ke3 69. Bf2+ Ke2 70. Bb6 Bf4 0-1

[Event "Morbihan Ch "]
[Site "France"]
[Date "2012.12.15"]
[Round "3.8"]
[White "Nicolas, Stephane"]
[Black "Malry, Celia"]
[Result "1-0"]
[WhiteElo "1800"]
[BlackElo "1610"]
[PlyCount "75"]
[EventDate "2012.10.??"]
[EventType "swiss"]
[EventRounds "7"]
[EventCountry "FRA"]
[SourceDate "2005.09.12"]

1. e4 e5 2. Nf3 Nc6 3. Bc4 Bc5 4. c3 d6 5. d4 Bb6 6. dxe5 Qe7 7. Bg5 f6 8. exf6
Qxe4+ 9. Kd2 Qg6 10. f7+ Kf8 11. fxg8=Q+ Rxg8 12. Bxg8 Kxg8 13. Qe2 Bg4 14. Be3
Re8 15. Na3 Bxe3+ 16. fxe3 Ne5 17. h3 Bf5 18. Nxe5 Rxe5 19. c4 d5 20. g4 Be4
21. Rhf1 Qg5 22. Nb5 c5 23. Nc3 d4 24. Nxe4 Rxe4 25. Rf3 Qd8 26. Raf1 dxe3+ 27.
Kc1 Re8 28. Rxe3 Qg5 29. Re1 Qf4 30. Kb1 Rf8 31. Re8 h6 32. Rxf8+ Qxf8 33. Qe8
a6 34. Qxf8+ Kxf8 35. Re5 b6 36. Re6 Kf7 37. Rxb6 a5 38. Rb5 1-0

[Event "Morbihan Ch "]
[Site "France"]
[Date "2012.12.07"]
[Round "3.9"]
[White "Le Coz, Yannick"]
[Black "Pouliquen, Alain"]
[Result "0-1"]
[WhiteElo "1595"]
[BlackElo "1720"]
[PlyCount "114"]
[EventDate "2012.10.??"]
[EventType "swiss"]
[EventRounds "7"]
[EventCountry "FRA"]
[SourceDate "2005.09.12"]

1. e4 d5 2. Nc3 d4 3. Nd5 c6 4. Nf4 e5 5. Nd3 Bd6 6. Nf3 Qc7 7. Qe2 Nf6 8. g3
Bg4 9. Bg2 Nbd7 10. h3 Bh5 11. g4 Bg6 12. Nh4 c5 13. f3 Nf8 14. Nf2 h6 15. Qb5+
N6d7 16. d3 a6 17. Qb3 b5 18. c4 dxc3 19. bxc3 Rc8 20. Nd1 c4 21. dxc4 Qxc4 22.
Qxc4 Rxc4 23. Bd2 Bh7 24. Bf1 Rc8 25. Ne3 Ne6 26. a4 Rb8 27. axb5 axb5 28. Rb1
Nc7 29. Nef5 Bf8 30. Be2 g5 31. Ng2 f6 32. O-O Bg6 33. Be3 Bf7 34. Rfd1 Be6 35.
Nd6+ Bxd6 36. Rxd6 Ke7 37. Rd2 Bc4 38. Rbd1 Rhd8 39. Bxc4 bxc4 40. Rd6 Nb5 41.
Rc6 Nxc3 42. Rdd6 Nb5 43. Bc5 Nxc5 44. Rxd8 Kxd8 45. Rxc5 c3 46. Ne3 Nd4 47.
Kf2 Rb2+ 48. Kf1 c2 49. Nxc2 Rxc2 50. Rxc2 Nxc2 51. Kg2 Kd7 52. Kg3 Nd4 53. h4
Ne2+ 54. Kf2 Nf4 55. Kg3 Kd6 56. h5 Kc5 57. Kf2 Kd4 0-1

[Event "Morbihan Ch "]
[Site "France"]
[Date "2012.12.15"]
[Round "3.10"]
[White "Girod, Bernard"]
[Black "Georget, Patrice"]
[Result "0-1"]
[WhiteElo "1560"]
[BlackElo "1697"]
[PlyCount "74"]
[EventDate "2012.10.??"]
[EventType "swiss"]
[EventRounds "7"]
[EventCountry "FRA"]
[SourceDate "2005.09.12"]

1. e4 c5 2. Nf3 d6 3. d4 cxd4 4. Nxd4 a6 5. Be2 Nf6 6. Nc3 e6 7. O-O Be7 8. Be3
O-O 9. Kh1 b5 10. a3 Bb7 11. f3 Nbd7 12. Qd2 Rc8 13. Rad1 Ne5 14. Nb3 Qc7 15.
Qd4 Nc4 16. Bxc4 bxc4 17. Nc1 Nd7 18. N1a2 Ne5 19. Qb6 Qd7 20. Nb4 Ra8 21. Bf4
f6 22. Bxe5 fxe5 23. Rd2 a5 24. Nba2 Ra6 25. Qf2 Bg5 26. Rdd1 Bc6 27. Qe2 Bb5
28. Nxb5 Qxb5 29. c3 Rb6 30. Rb1 Qc5 31. Qf2 Qxf2 32. Rxf2 Be3 33. Re2 Bc5 34.
Rd1 Rfb8 35. h3 Rxb2 36. Rxb2 Rxb2 37. Ra1 Rb3 0-1

[Event "Morbihan Ch "]
[Site "France"]
[Date "2012.12.15"]
[Round "3.11"]
[White "Peyre, Jean Jacques"]
[Black "Kerriou, Jean Rene"]
[Result "1-0"]
[WhiteElo "1672"]
[BlackElo "1499"]
[PlyCount "91"]
[EventDate "2012.10.??"]
[EventType "swiss"]
[EventRounds "7"]
[EventCountry "FRA"]
[SourceDate "2005.09.12"]

1. c4 Nf6 2. Nc3 e6 3. Nf3 Nc6 4. g3 b6 5. Bg2 Bb7 6. O-O Rb8 7. d3 Be7 8. e4
e5 9. a3 O-O 10. b4 d6 11. Bb2 Nd4 12. Nxd4 exd4 13. Ne2 c5 14. b5 Nd7 15. Nf4
Re8 16. Ra2 Nf8 17. Bc1 Bg5 18. Ne2 Bxc1 19. Qxc1 Ng6 20. f4 Qc8 21. f5 Ne5 22.
Qd1 f6 23. Nf4 Nxc4 24. dxc4 Bxe4 25. Bxe4 Rxe4 26. Nd5 Qd7 27. Raf2 Rbe8 28.
Rf4 Re2 29. Rg4 Qb7 30. Nxf6+ Kh8 31. Nd5 Ra2 32. Rgf4 Ree2 33. R4f2 Rxf2 34.
Rxf2 Rxf2 35. Kxf2 Qf7 36. g4 Qf8 37. Qe2 Qf7 38. Qe7 Qxe7 39. Nxe7 h6 40. Nc8
d5 41. cxd5 c4 42. d6 c3 43. d7 c2 44. d8=Q+ Kh7 45. Qc7 d3 46. Ke1 1-0

[Event "Morbihan Ch "]
[Site "France"]
[Date "2012.12.15"]
[Round "3.12"]
[White "Agogue, Yann"]
[Black "Trelohan, Henri"]
[Result "0-1"]
[WhiteElo "1520"]
[BlackElo "1669"]
[PlyCount "132"]
[EventDate "2012.10.??"]
[EventType "swiss"]
[EventRounds "7"]
[EventCountry "FRA"]
[SourceDate "2005.09.12"]

1. e4 c6 2. d4 d5 3. e5 e6 4. f4 Qa5+ 5. Bd2 Qb6 6. Bc1 c5 7. c3 Nc6 8. Nf3
cxd4 9. cxd4 Bb4+ 10. Nc3 Nge7 11. a3 Bxc3+ 12. bxc3 O-O 13. Bd3 Na5 14. Ng5 h6
15. h4 Qb3 16. Qd2 Nc4 17. Bxc4 Qxc4 18. Nf3 Nf5 19. g4 Ng3 20. Rg1 Ne4 21. Qc2
Qxc3+ 22. Qxc3 Nxc3 23. Rg2 Bd7 24. h5 Rac8 25. g5 hxg5 26. fxg5 Ne4 27. Bd2
Rc2 28. Rc1 Rfc8 29. Rxc2 Rxc2 30. Re2 Ra2 31. Bc1 Ra1 32. Rc2 Bc6 33. h6 g6
34. Ke2 Ng3+ 35. Kd3 Rb1 36. Nd2 Rb5 37. Nb3 Rxb3+ 38. Rc3 Rxc3+ 39. Kxc3 Nf5
40. Bb2 Ng3 41. Kb4 b6 42. a4 a5+ 43. Kb3 Ne2 44. Ka3 Ng1 45. Bc1 Nf3 46. Be3
Ne1 47. Bd2 Nc2+ 48. Kb2 Nxd4 49. Be3 Nf3 50. Bxb6 Bxa4 51. Bxa5 Nxe5 52. Bc7
Nc4+ 53. Kc3 Ne3 54. Kd4 Nf5+ 55. Ke5 d4 56. Ba5 d3 57. Kf4 Bb5 58. Bc3 Nd4 59.
Ke3 Nb3 60. Bb4 Kh7 61. Bc3 d2 62. Bxd2 Nxd2 63. Kxd2 Be8 64. Ke3 f6 65. Kf4
fxg5+ 66. Kxg5 Bf7 0-1

[Event "Morbihan Ch "]
[Site "France"]
[Date "2012.12.15"]
[Round "3.13"]
[White "Marechal, Daniel"]
[Black "Maheo, Francois"]
[Result "0-1"]
[WhiteElo "1650"]
[BlackElo "1499"]
[PlyCount "124"]
[EventDate "2012.10.??"]
[EventType "swiss"]
[EventRounds "7"]
[EventCountry "FRA"]
[SourceDate "2005.09.12"]

1. d4 Nf6 2. Nf3 d5 3. Bf4 e6 4. e3 a6 5. Bd3 Nc6 6. a3 Be7 7. Nbd2 b5 8. c3
Bd6 9. Ne5 Ne7 10. Ndf3 h6 11. h3 Bb7 12. Nh2 O-O 13. g4 Nd7 14. g5 hxg5 15.
Qh5 Nf6 16. Bxg5 Nxh5 17. Bf4 Nxf4 18. exf4 Bxe5 19. fxe5 Ng6 20. Rg1 Nf4 21.
O-O-O Nxd3+ 22. Rxd3 g6 23. Ng4 Kg7 24. Nf6 Rh8 25. Rh1 Rh5 26. Nxh5+ gxh5 27.
Rg3+ Kh6 28. Rhg1 Qh4 29. Rf3 Rf8 30. Rf6+ Qxf6 31. exf6 Bc6 32. Kd2 Be8 33. b4
h4 34. f4 Bd7 35. Rg4 c6 36. Ke3 Kh7 37. Kf3 Bc8 38. Rg7+ Kh8 39. Rg5 Kh7 40.
Kg4 e5+ 41. Kxh4 exf4 42. Rg7+ Kh6 43. Rg5 Bxh3 44. Rh5+ Kg6 45. Rg5+ Kxf6 46.
Rh5 Be6 47. Rh6+ Kf5 48. Rh5+ Ke4 49. Re5+ Kd3 50. Re1 Kxc3 51. Kg5 f3 52. Re3+
Kxd4 53. Rxf3 f6+ 54. Kf4 f5 55. Re3 Re8 56. Rf3 Kc4 57. Re3 Bd7 58. Rg3 d4 59.
Rg7 Be6 60. Rc7 Bd5 61. Ra7 d3 62. Rxa6 d2 0-1

[Event "Morbihan Ch "]
[Site "France"]
[Date "2012.12.15"]
[Round "3.14"]
[White "Orgel, Jean Marc"]
[Black "Le Garrec, Maxime"]
[Result "0-1"]
[WhiteElo "1260"]
[BlackElo "1648"]
[PlyCount "72"]
[EventDate "2012.10.??"]
[EventType "swiss"]
[EventRounds "7"]
[EventCountry "FRA"]
[SourceDate "2005.09.12"]

1. e4 c5 2. d3 d6 3. Nc3 Nf6 4. Nf3 Nc6 5. Be3 g6 6. d4 cxd4 7. Nxd4 Bg7 8. Bb5
Bd7 9. Qf3 Ng4 10. Bc4 Nce5 11. Qe2 Nxe3 12. Bxf7+ Nxf7 13. Qxe3 O-O 14. O-O
Qb6 15. Rad1 Nd8 16. b3 Ne6 17. Nd5 Qd8 18. Nxe6 Bxe6 19. Nf4 Bd7 20. g3 Bh6
21. Qd2 Bxf4 22. gxf4 Be6 23. f5 Bf7 24. fxg6 hxg6 25. f4 Qb6+ 26. Kh1 Qc6 27.
Rde1 d5 28. f5 dxe4 29. Re3 Kg7 30. Qg2 Rh8 31. c4 Rh6 32. Rf4 Qd6 33. Qxe4
Rah8 34. h4 g5 35. Rg4 Rxh4+ 36. Rxh4 Rxh4+ 0-1

[Event "Morbihan Ch "]
[Site "France"]
[Date "2012.12.15"]
[Round "3.15"]
[White "Potier, Pierre"]
[Black "Thebaut, Herve"]
[Result "0-1"]
[WhiteElo "1648"]
[BlackElo "1454"]
[PlyCount "164"]
[EventDate "2012.10.??"]
[EventType "swiss"]
[EventRounds "7"]
[EventCountry "FRA"]
[SourceDate "2005.09.12"]

1. e4 e6 2. Nf3 d5 3. exd5 exd5 4. d4 Nf6 5. Bd3 Bg4 6. O-O Be7 7. Bg5 O-O 8.
Nbd2 Nbd7 9. c3 Re8 10. Qc2 h6 11. Bxf6 Nxf6 12. Rae1 a6 13. h3 Be6 14. Ne5 Bd6
15. f4 Qb8 16. Rf3 c6 17. g4 Qc7 18. Ref1 Kf8 19. g5 Ng8 20. f5 Bc8 21. Ng6+
fxg6 22. fxg6+ Nf6 23. gxf6 Bd7 24. fxg7+ Kg8 25. Nb3 Qd8 26. Qd2 Qg5+ 27. Qxg5
hxg5 28. Bf5 Bxf5 29. Rxf5 Be7 30. Nc5 Kxg7 31. Ne6+ Kxg6 32. Nc7 Rf8 33. Rxf8
Rxf8 34. Re1 Rf7 35. Ne6 Kh5 36. Kg2 g4 37. hxg4+ Kxg4 38. Nc5 Bh4 39. Nd3 Rg7
40. Rf1 Re7 41. Ne5+ Kh5 42. Kh3 Bg5 43. Rh1 Bf4 44. Kg2+ Kg5 45. Nf3+ Kf6 46.
Ne1 Kf5 47. Rf1 Ke4 48. Nc2 Bd2 49. Rf2 Rg7+ 50. Kf1 Bc1 51. Re2+ Kf3 52. Ne1+
Kf4 53. Nd3+ Kf3 54. Nxc1 Rh7 55. Rf2+ Ke3 56. Re2+ Kf3 57. Rg2 Rh1+ 58. Rg1
Rh2 59. Nd3 Rh7 60. Ne5+ Ke3 61. Rg3+ Kd2 62. Kf2 Kc2 63. b3 Kb2 64. c4 dxc4
65. bxc4 Kxa2 66. Ke3 b5 67. cxb5 cxb5 68. d5 Kb3 69. Kd4+ Kb4 70. Nc6+ Ka4 71.
d6 b4 72. Kc5 b3 73. Rd3 b2 74. Rd4+ Kb3 75. Rb4+ Kc2 76. Nd4+ Kc1 77. Rxb2
Kxb2 78. Kc6 a5 79. d7 Rxd7 80. Kxd7 a4 81. Kc6 a3 82. Kb5 a2 0-1